Insan Teladan Sepanjang Zaman/Sheikh Muhammad Zakariyya.

Bibliographic Details
Main Author: Muhammad Zakariyya
Format: Book
Published: Kuala Lumpur: Darul Nu'man, 1998.
Subjects:
LEADER 00474cam a2200169 7i4500
001 0000046854
005 20151104090000.0
005 ##20151104160700.0
003 ##MY-KlINT
020 # # |a 9839017632  
039 # 9 |y 201511041607  |z VLOAD 
090 0 0 |a 297.63 MUH  
100 1 # |a Muhammad Zakariyya 
245 0 0 |a Insan Teladan Sepanjang Zaman/Sheikh Muhammad Zakariyya. 
260 # # |a Kuala Lumpur:   |b Darul Nu'man,   |c 1998. 
300 # # |a 408p;   |c 21cm. 
650 # 0 |a Muhammad, Prophet, d. 632 --   |x Biography